[Event "SVK-ch U12"]
[Site "Tatralandia"]
[Date "2025.05.18"]
[Round "9"]
[White "Simek, Samuel"]
[Black "Karpac, Matej"]
[Result "1-0"]
[WhiteElo "1000"]
[BlackElo "1000"]
[PlyCount "47"]
[EventDate "2025.05.11"]
[EventType "swiss"]
[EventRounds "9"]
[EventCountry "SVK"]
[SourceTitle "CB21_2025"]
[SourceDate "2025.05.21"]
[SourceVersion "1"]
[SourceVersionDate "2025.05.21"]
[SourceQuality "1"]

1. e4 e5 2. Nf3 Nc6 3. Bc4 Bc5 4. c3 Nf6 5. d4 Bb6 6. 0-0 0-0 7. Bg5 d6 8. Bd5 Bg4 9. h3 h6 10. Bxf6 Qxf6 11. hxg4 exd4 12. Bxc6 bxc6 13. cxd4 c5 14. d5 Qxb2 15. Nbd2 Ba5 16. Nc4 Qb4 17. Nxa5 Qxa5 18. Nh4 g6 19. f4 Rfe8 20. Re1 f5 21. gxf5 gxf5 22. Nxf5 Rf8 23. Qg4+ Kh8 24. Qg7# 1-0